[Event "Barcelona Primavera La Lira op 5th"]
[Site "Barcelona"]
[Date "2012.05.31"]
[Round "7"]
[White "Sanchez Gutierrez, David"]
[Black "Masferrer Andreu, Josep Miquel"]
[Result "1/2-1/2"]
[WhiteElo "1550"]
[BlackElo "1619"]
[PlyCount "91"]
[EventDate "2012.04.19"]
[EventType "swiss"]
[EventRounds "9"]
[EventCountry "ESP"]
[SourceTitle "CBM 148 Extra"]
[Source "ChessBase"]
[SourceDate "2012.06.22"]
[SourceVersion "1"]
[SourceVersionDate "2012.06.22"]
[SourceQuality "1"]

1. e4 d6 2. Bc4 Nf6 3. Nc3 e6 4. Nf3 a6 5. a4 Be7 6. 0-0 b6 7. Re1 Bb7 8. d3 Nbd7 9. Bf4 c6 10. e5 dxe5 11. Nxe5 Nxe5 12. Bxe5 0-0 13. Ne2 b5 14. Bb3 c5 15. Ng3 Qb6 16. Qd2 Rfd8 17. Qg5 h6 18. Qf4 Bd6 19. Bxd6 Rxd6 20. a5 Qd8 21. Ba2 Rc8 22. Ne2 Rc7 23. Rad1 Rcc6 24. d4 c4 25. Qd2 e5 26. b4 Rc7 27. c3 Rcd7 28. Qe3 Re7 29. Ng3 Nd5 30. Qc1 Rde6 31. Nf5 Re8 32. Bb1 Qc7 33. f3 Ne7 34. Nxe7+ R6xe7 35. d5 Qd6 36. Be4 Bc8 37. g4 Rf8 38. Qe3 f5 39. gxf5 Bxf5 40. Rf1 Bxe4 41. fxe4 Ref7 42. Rxf7 Rxf7 43. Rd2 Rd7 44. Rf2 Rf7 45. Rxf7 Kxf7 46. Qf3+ 1/2-1/2

[Event "Barcelona Primavera La Lira op 5th"]
[Site "Barcelona"]
[Date "2012.05.17"]
[Round "5"]
[White "Hernandez Bermudez, Alberto"]
[Black "Sanchez Gutierrez, David"]
[Result "0-1"]
[WhiteElo "1764"]
[BlackElo "1550"]
[PlyCount "88"]
[EventDate "2012.04.19"]
[EventType "swiss"]
[EventRounds "9"]
[EventCountry "ESP"]
[SourceTitle "CBM 148 Extra"]
[Source "ChessBase"]
[SourceDate "2012.06.22"]
[SourceVersion "1"]
[SourceVersionDate "2012.06.22"]
[SourceQuality "1"]

1. Nf3 Nf6 2. d4 g6 3. c4 c5 4. e3 cxd4 5. exd4 Bg7 6. Nc3 0-0 7. Be2 d5 8. 0-0 Nc6 9. c5 a6 10. h3 Re8 11. Re1 Bf5 12. Bd3 Bxd3 13. Qxd3 Qc7 14. a3 Rad8 15. Bg5 e5 16. Bxf6 Bxf6 17. dxe5 Nxe5 18. Nxe5 Rxe5 19. b4 Rde8 20. Rxe5 Qxe5 21. Rc1 d4 22. Nb1 Bh4 23. Rd1 Re6 24. Qxd4 Qxd4 25. Rxd4 Re1+ 26. Kh2 Bxf2 27. Rd8+ Kg7 28. Nc3 Bg1+ 29. Kh1 Bd4+ 30. Kh2 Bxc3 31. Rd7 Ra1 32. Rxb7 Rxa3 33. c6 Be5+ 34. Kg1 Rc3 35. b5 axb5 36. Rxb5 Bd4+ 37. Kf1 Rxc6 38. Rd5 Bf6 39. Ke2 h5 40. Rd3 Re6+ 41. Kf3 g5 42. Rd5 Kg6 43. Rd7 Re5 44. Rc7 Rf5+ 0-1

[Event "Barcelona Primavera La Lira op 5th"]
[Site "Barcelona"]
[Date "2012.04.19"]
[Round "1"]
[White "Sanchez Gutierrez, David"]
[Black "Ramos Alvarez, Maximo"]
[Result "0-1"]
[WhiteElo "1550"]
[BlackElo "1870"]
[PlyCount "64"]
[EventDate "2012.04.19"]
[EventType "swiss"]
[EventRounds "9"]
[EventCountry "ESP"]
[SourceTitle "CBM 148 Extra"]
[Source "ChessBase"]
[SourceDate "2012.06.22"]
[SourceVersion "1"]
[SourceVersionDate "2012.06.22"]
[SourceQuality "1"]

1. e4 e6 2. Qe2 e5 3. Nc3 Nc6 4. Nf3 Nf6 5. d3 d6 6. h3 Be6 7. Bg5 h6 8. Bxf6 Qxf6 9. Nb5 0-0-0 10. c4 g5 11. Nh2 a6 12. Ng4 Qg6 13. Na3 Nd4 14. Qd2 f5 15. exf5 Bxf5 16. Ne3 Be6 17. Rc1 h5 18. b4 Bh6 19. b5 axb5 20. cxb5 Rdf8 21. Qa5 Qf7 22. Nd1 g4 23. Rc3 gxh3 24. Qa8+ Kd7 25. Qxb7 Rc8 26. b6 Kd8 27. Rxc7 Rxc7 28. Qxc7+ Qxc7 29. bxc7+ Kxc7 30. gxh3 Bd5 31. f3 Nxf3+ 32. Kf2 Rf8 0-1